00553nam a2200169Ia 4500008004100000020001500041041000800056082001800064100002000082245005000102250000600152260003700158300001100195650002000206999001900226952013800245210716s2006 xx 000 0 und d a8177226126 aeng a005.3002 KORJ aKorol, Julitta. aExcel 2003 vba programming with xml and asp. a1 aNew DelhibDreamtech Pressc2006 axx,948 aPrograms(005.3) c187731d187731 001040708MCAaAIMITbAIMITeHigginbothams Pvt Ltdg429.00l0o005.3002 KORJpMCA07239r2025-07-21 00:00:00v343.20w2021-07-16yBK